| 000 -LEADER |
| fixed length control field |
00515nam a2200205Ia 4500 |
| 001 - CONTROL NUMBER |
| control field |
11967 |
| 003 - CONTROL NUMBER IDENTIFIER |
| control field |
GE_BSU |
| 008 - FIXED-LENGTH DATA ELEMENTS--GENERAL INFORMATION |
| fixed length control field |
181216s||||||||xx |||||||||||||| ||und|| |
| 020 ## - INTERNATIONAL STANDARD BOOK NUMBER |
| International Standard Book Number |
0708843158 |
| 040 ## - CATALOGING SOURCE |
| Transcribing agency |
GE_BSU |
| 080 ## - UNIVERSAL DECIMAL CLASSIFICATION NUMBER |
| Universal Decimal Classification number |
821.111-32 |
| 100 ## - MAIN ENTRY--PERSONAL NAME |
| Personal name |
Willis,Ted |
| 245 #4 - TITLE STATEMENT |
| Title |
The Green Leaves of Summer:The second season of rosie carr. |
| 260 ## - PUBLICATION, DISTRIBUTION, ETC. |
| Place of publication, distribution, etc. |
London |
| 260 ## - PUBLICATION, DISTRIBUTION, ETC. |
| Name of publisher, distributor, etc. |
futura |
| 260 ## - PUBLICATION, DISTRIBUTION, ETC. |
| Date of publication, distribution, etc. |
1988. |
| 300 ## - PHYSICAL DESCRIPTION |
| Extent |
303p;18cm. |
| 653 ## - INDEX TERM--UNCONTROLLED |
| Uncontrolled term |
The Green Leaves of Summer:The second season of rosie carr. |
| 942 ## - ADDED ENTRY ELEMENTS (KOHA) |
| Koha item type |
წიგნი |